Frisian Islands (Waddeneilanden / Friesische Inseln / Vadehavsøerne) - Statistics

General Stats
  • This quiz has been taken 85 times
    53 since last reset
  • The average score is 10 of 27
Answer Stats
Hint Answer % Correct
Dutch Texel
92%
Dutch Ameland
88%
Dutch Terschelling
84%
German Borkum
80%
Dutch Vlieland
80%
Dutch Schiermonnikoog
76%
German Juist
52%
German Sylt
52%
German Norderney
48%
German Spiekeroog
48%
German Wangerooge
48%
German Langeoog
44%
Danish Rømø
36%
German Baltrum
32%
Danish Fanø
20%
German Föhr
16%
German Hooge
16%
German Pellworm
16%
Danish Mandø
12%
German Nordstrand
12%
German Amrum
8%
German Oland
8%
German Süderoog
8%
German Langeneß
4%
German Neuwerk
4%
German Gröde
0%
German Nordstrandischmoor
0%
No matching quizzes found
Score Distribution
Percent of People with Each Score
Percentile by Number Answered
Your Score History
You have not taken this quiz since the last reset